000 00835nam a2200253 4500
001 11563
003 HDC
007 cr bn ---aaaaa
008 210207c dr|noo 0 a eng d
040 _aHDC
100 _aMayra Moreno
_eauthor
_911907
245 0 _aSlaughterhouse Returns Six Months After Forced Closure /
_cby Mayra Moreno
260 _a[No place] :
_bABC13.com,
_c[no year]
336 _atext
_2rdacontent
337 _acomputer
_2rdamedia
338 _aonline resource
_2rdacarrier
650 _aFood industry
_9536
650 _aSlaughterhouse
_96608
710 _aABC13.com
856 _zRequest full-text at [email protected]
942 _2lcc
942 _cNEWS
942 _kNWSO 002299
999 _c8886
_d8886